000 00816nam a22001697a 4500
008 120126t xxu||||| |||| 00| 0 eng d
050 _aHD.29.E38
100 _aJain, N.M.
245 _aEffective management for national growth /
_cN.M Jain, S.P. Wahi, R.P. Billimoria, P. Shiv Shankar.
260 _aNew Delhi:
_bAll India Management Assocation,
_c1984
300 _a179 p.
_c22cm
505 _aContents: Introduction -- Effective Management: Research study findings -- Effective Management: Interantional experiences -- Effective Management in India: A Public sector viewpoint -- Effective Management in India: A Private sector viewpoint -- Effective management for National Growth -- Young managers' view.
700 _aWahi S.P.
700 _aBillimoria R.P.
700 _aShankar P. Shiv
942 _2lcc
_cBK
999 _c502
_d8002